[Event "Zadar B Open 2016"]
[Site "Zadar"]
[Date "2016.12.14"]
[Round "5.6"]
[White "Babic, Andrija"]
[Black "Bozinovic, Bogdan"]
[Result "0-1"]
[WhiteElo "2096"]
[BlackElo "2202"]
[PlyCount "94"]
[EventDate "2016.12.11"]
[EventCountry "CRO"]

1. e4 c5 2. Nf3 d6 3. d4 cxd4 4. Nxd4 Nf6 5. Nc3 a6 6. Be2 Nbd7 7. Be3 e6 8.
Qd2 b5 9. f3 Bb7 10. g4 Nb6 11. h4 Rc8 12. h5 Nfd7 13. Bg5 Qc7 14. a3 Ne5 15.
Nd1 Nbc4 16. Qc3 h6 17. Bh4 Qb8 18. Ne3 d5 19. exd5 Nxe3 20. Qxe3 Bxd5 21. b4
Bd6 22. O-O Nc4 23. Bxc4 Bxc4 24. Rf2 Bf4 25. Qe1 O-O 26. Rg2 Rfd8 27. Bf2 Bd5
28. Be3 Qe5 29. Bf2 Qc7 30. Bg3 Bb7 31. Rd1 Bxg3 32. Rxg3 Qf4 33. Ne2 Qe3+ 34.
Kg2 Qxa3 35. g5 hxg5 36. c3 Qa2 37. Rxg5 Rxd1 38. Qxd1 Rxc3 39. Kg1 Rxf3 40.
Qd4 Qb1+ 41. Kh2 f6 42. Rg2 Qe4 43. Qd8+ Kh7 44. Ng3 Rxg3 45. Kxg3 Qxg2+ 46.
Kh4 Bf3 47. Qd3+ f5 0-1

[Event "Zadar B Open 2016"]
[Site "Zadar"]
[Date "2016.12.14"]
[Round "5.7"]
[White "Deur Saric, Zrinka"]
[Black "Luetic, Ante"]
[Result "1/2-1/2"]
[WhiteElo "2152"]
[BlackElo "2085"]
[PlyCount "58"]
[EventDate "2016.12.11"]
[EventCountry "CRO"]

1. e4 d6 2. d4 Nf6 3. Nc3 e5 4. Nf3 exd4 5. Nxd4 Be7 6. Bc4 O-O 7. O-O Nxe4 8.
Nxe4 d5 9. Bd3 dxe4 10. Bxe4 Re8 11. Be3 Bf6 12. Qd3 g6 13. Rad1 c6 14. Bf3 Qc7
15. Qc4 Be5 16. g3 Bh3 17. Rfe1 Nd7 18. Qb3 Nc5 19. Qc4 Ne6 20. c3 Rac8 21. Nb3
Bf6 22. Nc5 Nxc5 23. Qxc5 Be6 24. Bf4 Qb6 25. Qxb6 axb6 26. a3 Rcd8 27. Rxd8
Rxd8 28. Rd1 Rxd1+ 29. Bxd1 b5 1/2-1/2

[Event "Zadar B Open 2016"]
[Site "Zadar"]
[Date "2016.12.14"]
[Round "5.8"]
[White "Slamar, Velimir"]
[Black "Kejzar, Petra"]
[Result "0-1"]
[WhiteElo "2150"]
[BlackElo "2009"]
[PlyCount "56"]
[EventDate "2016.12.11"]
[EventCountry "CRO"]

1. d4 f5 2. Nc3 Nf6 3. g3 d5 4. Bg2 e6 5. Nf3 Bb4 6. O-O O-O 7. Ne5 c5 8. a3
Ba5 9. Bf4 cxd4 10. Qxd4 Nc6 11. Nxc6 bxc6 12. b4 Bb6 13. Qd2 Qe7 14. Na4 e5
15. Bg5 Be6 16. c3 Qe8 17. Bxf6 Rxf6 18. e3 f4 19. exf4 exf4 20. Nxb6 axb6 21.
Rfe1 Qh5 22. b5 f3 23. Bf1 Bh3 24. Bd3 Bg2 25. bxc6 Rh6 26. h4 Qxh4 27. Bxh7+
Kh8 28. gxh4 Rxh4 0-1

[Event "Zadar B Open 2016"]
[Site "Zadar"]
[Date "2016.12.14"]
[Round "5.9"]
[White "Cvitan, Ena"]
[Black "Yordanov, Nikolay"]
[Result "1-0"]
[WhiteElo "2079"]
[BlackElo "2146"]
[PlyCount "57"]
[EventDate "2016.12.11"]
[EventCountry "CRO"]

1. d4 d5 2. c4 e6 3. Nc3 c5 4. cxd5 cxd4 5. Qa4+ Bd7 6. Qxd4 exd5 7. Nf3 Nc6 8.
Qxd5 Nf6 9. Qb3 Bc5 10. e3 Qe7 11. Be2 O-O-O 12. O-O g5 13. Na4 g4 14. Nxc5
Qxc5 15. Nd4 Qh5 16. Qc4 Rhg8 17. Nb5 Rg6 18. e4 Qe5 19. g3 Nh5 20. Rd1 Kb8 21.
Nxa7 Nxa7 22. Rd5 Qe8 23. Rxh5 f5 24. exf5 Rc6 25. Qxg4 Rc2 26. Bf4+ Ka8 27.
Be3 Qe5 28. Rd1 Qxb2 29. Rxh7 1-0

[Event "Zadar B Open 2016"]
[Site "Zadar"]
[Date "2016.12.14"]
[Round "5.10"]
[White "Elishev, Ivan"]
[Black "Buhin, Denis"]
[Result "1-0"]
[WhiteElo "2122"]
[BlackElo "1967"]
[PlyCount "69"]
[EventDate "2016.12.11"]
[EventCountry "CRO"]

1. d4 c5 2. d5 g6 3. e4 d6 4. Nc3 Bg7 5. Nf3 Nd7 6. a4 Ngf6 7. Be2 Qa5 8. O-O
O-O 9. Nd2 a6 10. Nc4 Qc7 11. a5 b5 12. axb6 Nxb6 13. Na5 Bd7 14. Be3 Rfb8 15.
f4 Nc8 16. Nc4 Bb5 17. e5 Nd7 18. e6 fxe6 19. dxe6 Nf6 20. Nxb5 axb5 21. Rxa8
Rxa8 22. Na3 Na7 23. f5 d5 24. fxg6 hxg6 25. Qd3 Qe5 26. Bxc5 Qxe6 27. Bf3 Ne4
28. Re1 Qc6 29. b4 e6 30. Bxe4 dxe4 31. Qxe4 Qxe4 32. Rxe4 Bb2 33. Rxe6 Bxa3
34. Rxg6+ Kf7 35. Ra6 1-0

[Event "Zadar B Open 2016"]
[Site "Zadar"]
[Date "2016.12.14"]
[Round "5.11"]
[White "Mihalinec, Damir"]
[Black "Levar, Nenad"]
[Result "1-0"]
[WhiteElo "2202"]
[BlackElo "2015"]
[PlyCount "61"]
[EventDate "2016.12.11"]
[EventCountry "CRO"]

1. c4 Nf6 2. Nc3 g6 3. Nf3 Bg7 4. g3 O-O 5. Bg2 c6 6. e4 d6 7. d4 Bg4 8. h3
Bxf3 9. Qxf3 e5 10. d5 cxd5 11. cxd5 Nbd7 12. O-O Ne8 13. Qe2 f5 14. exf5 gxf5
15. h4 Nef6 16. Bh3 Ne8 17. Bg5 Qa5 18. Qc2 e4 19. Nxe4 Qxd5 20. Nc3 Qf7 21.
Bg2 Nb6 22. Rfe1 Be5 23. a4 Qg7 24. a5 Nd7 25. a6 Nc5 26. axb7 Rb8 27. Rxa7 Kh8
28. Ra8 Nc7 29. Rxb8 Rxb8 30. Qxf5 N7a6 31. Rxe5 1-0

[Event "Zadar B Open 2016"]
[Site "Zadar"]
[Date "2016.12.14"]
[Round "5.12"]
[White "Jelecevic, Ivo"]
[Black "Spiranec, Noemi"]
[Result "1/2-1/2"]
[WhiteElo "2167"]
[BlackElo "1999"]
[PlyCount "86"]
[EventDate "2016.12.11"]
[EventCountry "CRO"]

1. e4 c5 2. Nf3 e6 3. d4 cxd4 4. Nxd4 a6 5. Bd3 Nf6 6. f4 d6 7. Nc3 Nbd7 8. Qe2
Qc7 9. Be3 Be7 10. O-O O-O 11. Kh1 b5 12. a3 Bb7 13. Rae1 Rfd8 14. Bc1 e5 15.
Nf5 Bf8 16. Rf3 g6 17. Ng3 Bg7 18. Ref1 d5 19. fxe5 Qxe5 20. Bf4 Qe6 21. e5 Ng4
22. h3 Ngxe5 23. Bxe5 Nxe5 24. Rxf7 Rd7 25. Rxd7 Qxd7 26. Re1 Re8 27. Nf1 Bc6
28. Qf2 Nxd3 29. cxd3 Rxe1 30. Qxe1 Qd6 31. Nd2 Qe5 32. Qxe5 Bxe5 33. Nf3 Bf6
34. d4 Kf7 35. Kg1 Ke6 36. Kf2 a5 37. Ke3 g5 38. g4 Kd6 39. Ne2 Be8 40. Ng3 Bg6
41. Nd2 Bc2 42. Nf3 Bg6 43. Nd2 Bc2 1/2-1/2

[Event "Zadar B Open 2016"]
[Site "Zadar"]
[Date "2016.12.14"]
[Round "5.13"]
[White "Miskovic, Bozo"]
[Black "Vidovic, Ante"]
[Result "0-1"]
[WhiteElo "1997"]
[BlackElo "2093"]
[PlyCount "86"]
[EventDate "2016.12.11"]
[EventCountry "CRO"]

1. e4 c5 2. Nf3 d6 3. Nc3 Nf6 4. Bc4 e6 5. d3 Be7 6. O-O O-O 7. Bb3 Nc6 8. a3
a6 9. Ne1 d5 10. f3 b5 11. Ne2 dxe4 12. fxe4 c4 13. Ba2 Bc5+ 14. Kh1 Nxe4 15.
d4 Nxd4 16. Be3 Nxe2 17. Qxe2 Bxe3 18. Qxe3 Bb7 19. Nf3 Qc7 20. c3 Qc5 21. Qe2
Qh5 22. Kg1 Ng5 23. Rae1 Nxf3+ 24. gxf3 Rfd8 25. Bb1 Qg5+ 26. Qg2 Qxg2+ 27.
Kxg2 Rd2+ 28. Rf2 Rad8 29. Ree2 Rxe2 30. Rxe2 g5 31. Kf2 Kg7 32. Ke3 f5 33. Bc2
Kf6 34. Rf2 h5 35. Ke2 e5 36. h4 gxh4 37. f4 Re8 38. fxe5+ Rxe5+ 39. Kf1 h3 40.
Rd2 Bd5 41. Rf2 Bg2+ 42. Kg1 Re1+ 43. Kh2 h4 0-1

[Event "Zadar B Open 2016"]
[Site "Zadar"]
[Date "2016.12.14"]
[Round "5.14"]
[White "Komljenovic, Tihomir"]
[Black "Salvaing, Jean-Louis"]
[Result "1/2-1/2"]
[WhiteElo "2073"]
[BlackElo "1991"]
[PlyCount "33"]
[EventDate "2016.12.11"]
[EventCountry "CRO"]

1. e4 c5 2. Nf3 d6 3. d4 cxd4 4. Nxd4 Nf6 5. Nc3 a6 6. Be3 e5 7. Nb3 Be6 8. f3
Nbd7 9. g4 b5 10. g5 Nh5 11. Qd2 Be7 12. O-O-O O-O 13. Kb1 Nb6 14. Nd5 Nxd5 15.
exd5 Bd7 16. Na5 Qc7 17. Bd3 1/2-1/2

[Event "Zadar B Open 2016"]
[Site "Zadar"]
[Date "2016.12.14"]
[Round "5.15"]
[White "Totic, Zeljko"]
[Black "Egerc, Josip"]
[Result "1/2-1/2"]
[WhiteElo "1962"]
[BlackElo "2062"]
[PlyCount "128"]
[EventDate "2016.12.11"]
[EventCountry "CRO"]

1. Nf3 d5 2. d4 Bf5 3. c4 c6 4. Nc3 e6 5. e3 Nd7 6. cxd5 exd5 7. Bd3 Bxd3 8.
Qxd3 Ngf6 9. O-O Be7 10. e4 dxe4 11. Nxe4 Nxe4 12. Qxe4 O-O 13. Bd2 Nf6 14. Qf5
Nd5 15. a3 Bf6 16. Rfe1 Qb6 17. Bc3 g6 18. Qc2 Rad8 19. Rac1 Rd7 20. Ne5 Re7
21. Nc4 Qd8 22. Rxe7 Qxe7 23. Re1 Qc7 24. g3 Rd8 25. Nd2 Qd7 26. Ne4 Bg7 27.
Nc5 Qc8 28. Qa4 a5 29. Bd2 b6 30. Nb3 Nf6 31. Rc1 Rd6 32. Bf4 Re6 33. Qc4 Qd7
34. Nd2 Nh5 35. Be3 Nf6 36. Nf3 Nd5 37. Bd2 h6 38. b4 b5 39. Qd3 axb4 40. axb4
Qd6 41. Rc5 g5 42. Kg2 Nb6 43. Bc3 Qd7 44. Qf5 Qe8 45. Ne5 Na4 46. d5 Rxe5 47.
Bxe5 Nxc5 48. Bxg7 Qe4+ 49. Qxe4 Nxe4 50. Bxh6 cxd5 51. f3 Nf6 52. Bxg5 Nd7 53.
Kf2 Ne5 54. Ke2 Kg7 55. Be3 Nc6 56. Bc5 Kg6 57. Ke3 Kf5 58. h4 Ke5 59. f4+ Kf5
60. Kf3 Kg6 61. g4 f5 62. g5 Nd8 63. Ke3 Ne6 64. Bd4 Kh5 1/2-1/2

[Event "Zadar B Open 2016"]
[Site "Zadar"]
[Date "2016.12.14"]
[Round "5.16"]
[White "Klasan, Elvis"]
[Black "Gujic, Vladimir"]
[Result "1/2-1/2"]
[WhiteElo "1949"]
[BlackElo "2059"]
[PlyCount "25"]
[EventDate "2016.12.11"]
[EventCountry "CRO"]

1. g3 Nf6 2. Bg2 d5 3. d4 e6 4. Nf3 Be7 5. O-O O-O 6. b3 b6 7. Bb2 Bb7 8. Nbd2
Nbd7 9. c4 c5 10. e3 Rc8 11. Rc1 Bd6 12. Ne5 Qe7 13. Ndf3 1/2-1/2

[Event "Zadar B Open 2016"]
[Site "Zadar"]
[Date "2016.12.14"]
[Round "5.17"]
[White "Trippold, Denise"]
[Black "Dzaja, Martin Zorislav"]
[Result "1-0"]
[WhiteElo "2057"]
[BlackElo "1914"]
[PlyCount "67"]
[EventDate "2016.12.11"]
[EventCountry "CRO"]

1. d4 Nf6 2. c4 g6 3. Nc3 Bg7 4. e4 d6 5. h3 c6 6. Nf3 O-O 7. Be3 Qc7 8. Be2 e5
9. d5 Nbd7 10. Nd2 a5 11. a3 Nc5 12. O-O Bd7 13. b4 axb4 14. axb4 Rxa1 15. Qxa1
Na6 16. dxc6 Be6 17. Qa4 Nb8 18. cxb7 Qxb7 19. Nd5 Bd7 20. Qa3 Nxd5 21. exd5 f5
22. f4 Re8 23. c5 exf4 24. Rxf4 Bh6 25. Rf3 f4 26. Bxf4 Bxf4 27. Rxf4 Rxe2 28.
Qf3 Bb5 29. Rf8+ Kg7 30. Qf6+ Kh6 31. Rf7 Rxg2+ 32. Kxg2 Qxd5+ 33. Nf3 Nd7 34.
Qg7+ 1-0

[Event "Zadar B Open 2016"]
[Site "Zadar"]
[Date "2016.12.14"]
[Round "5.18"]
[White "Glavicic, Tino"]
[Black "Simunic, Krunoslav"]
[Result "0-1"]
[WhiteElo "2037"]
[BlackElo "1866"]
[PlyCount "72"]
[EventDate "2016.12.11"]
[EventCountry "CRO"]

1. d4 d5 2. Nf3 Nf6 3. c4 e6 4. Nc3 Be7 5. cxd5 exd5 6. Bg5 O-O 7. Qc2 Nc6 8.
a3 h6 9. Bh4 Be6 10. e3 Rc8 11. Bd3 a6 12. O-O Nb8 13. Ne5 c5 14. Bf5 Bxf5 15.
Qxf5 cxd4 16. exd4 Nc6 17. Rfd1 Ne4 18. Nxc6 bxc6 19. Bxe7 Qxe7 20. Re1 Nd6 21.
Qxc8 Nxc8 22. Rxe7 Nxe7 23. b4 Nf5 24. Ne2 a5 25. bxa5 Ra8 26. Rc1 Rxa5 27.
Rxc6 Rxa3 28. g3 Rd3 29. Rc8+ Kh7 30. Rc5 Nxd4 31. Nf4 Rd2 32. Nxd5 Nf3+ 33.
Kf1 Nxh2+ 34. Ke1 Nf3+ 35. Kf1 Ng5 36. Ne3 Rxf2+ 0-1

[Event "Zadar B Open 2016"]
[Site "Zadar"]
[Date "2016.12.14"]
[Round "5.19"]
[White "Stojkovic, Andreja"]
[Black "Zezelj, Vladislav"]
[Result "1-0"]
[WhiteElo "1910"]
[BlackElo "2023"]
[PlyCount "109"]
[EventDate "2016.12.11"]
[EventCountry "CRO"]

1. e4 e6 2. d4 d5 3. Nd2 c5 4. exd5 Qxd5 5. Ngf3 Nc6 6. Bc4 Qd8 7. dxc5 Bxc5 8.
O-O Nf6 9. Qe2 O-O 10. Nb3 Be7 11. Rd1 Qc7 12. c3 b6 13. a4 Bb7 14. Bg5 Rad8
15. h3 h6 16. Bh4 Rxd1+ 17. Rxd1 Rd8 18. Bg3 Bd6 19. Bxd6 Rxd6 20. Rxd6 Qxd6
21. Qd2 Qc7 22. Bf1 Ne7 23. Nbd4 a6 24. Qe3 Ned5 25. Qe5 Nd7 26. Qxc7 Nxc7 27.
Bc4 Kf8 28. Kf1 Ke7 29. Ke2 g6 30. g3 Kd6 31. b4 Nf6 32. Nd2 Nd7 33. f4 Bg2 34.
h4 Nf6 35. Bd3 Nfd5 36. Nc4+ Kd7 37. Ne5+ Ke8 38. Kd2 Ne7 39. b5 Bb7 40. Nc4
Kf8 41. Nxb6 axb5 42. axb5 Ned5 43. Nd7+ Ke7 44. Ne5 Nb6 45. c4 Nd7 46. Nxd7
Kxd7 47. Kc3 Ke7 48. Be2 Kd6 49. Bf3 Bxf3 50. Nxf3 f6 51. Kd4 Ne8 52. c5+ Kc7
53. Kc4 Kd7 54. b6 Kc8 55. Kb5 1-0

[Event "Zadar B Open 2016"]
[Site "Zadar"]
[Date "2016.12.14"]
[Round "5.20"]
[White "Pesusic, Boris"]
[Black "Smodlaka, Ante"]
[Result "1-0"]
[WhiteElo "2018"]
[BlackElo "1792"]
[PlyCount "51"]
[EventDate "2016.12.11"]
[EventCountry "CRO"]

1. d4 Nf6 2. Nf3 b6 3. c4 d5 4. cxd5 Qxd5 5. Nc3 Qa5 6. Bd2 e6 7. a3 b5 8. Nd5
Qxd2+ 9. Qxd2 Nxd5 10. e4 Nb6 11. Bxb5+ c6 12. Bd3 f6 13. Rc1 Bb7 14. O-O Be7
15. b4 a6 16. Rfd1 O-O 17. Qa2 Bc8 18. Nd2 Bd6 19. Nc4 Nxc4 20. Bxc4 Re8 21. d5
cxd5 22. Rxd5 Bf4 23. Rcd1 Nc6 24. R5d3 Bb7 25. Bxe6+ Kh8 26. Bd5 1-0

[Event "Zadar B Open 2016"]
[Site "Zadar"]
[Date "2016.12.14"]
[Round "6.1"]
[White "Sulc, Damir"]
[Black "Medancic, Rikard"]
[Result "1-0"]
[WhiteElo "2208"]
[BlackElo "2267"]
[PlyCount "95"]
[EventDate "2016.12.11"]
[EventCountry "CRO"]

1. e4 d5 2. exd5 Qxd5 3. d4 Nf6 4. Nc3 Qd6 5. Be2 a6 6. Bf3 Nc6 7. Nge2 Bg4 8.
Bf4 Qd7 9. Bxg4 Nxg4 10. d5 Na7 11. Qd4 Nf6 12. O-O-O Nb5 13. Nxb5 axb5 14. Nc3
c6 15. Rhe1 Nxd5 16. Nxd5 cxd5 17. Qxd5 Qxd5 18. Rxd5 b4 19. Rb5 e6 20. Rxb7
Bc5 21. Be3 Bxe3+ 22. Rxe3 O-O 23. Kb1 Rab8 24. Rxb8 Rxb8 25. Rb3 Rd8 26. Kc1
Ra8 27. Rxb4 f5 28. a4 Kf7 29. c4 Kf6 30. f4 h6 31. c5 g5 32. g3 e5 33. Rb6+
Ke7 34. b3 gxf4 35. gxf4 exf4 36. Kd2 Rg8 37. Rxh6 Rg2+ 38. Ke1 Rb2 39. Rb6
Rxh2 40. a5 Ra2 41. a6 f3 42. b4 Kd7 43. b5 Ke7 44. Rd6 Ra5 45. b6 Rxa6 46. b7
Ra1+ 47. Kf2 Rb1 48. Rb6 1-0

[Event "Zadar B Open 2016"]
[Site "Zadar"]
[Date "2016.12.14"]
[Round "6.2"]
[White "Bozinovic, Bogdan"]
[Black "Cvitan, Ena"]
[Result "1-0"]
[WhiteElo "2202"]
[BlackElo "2079"]
[PlyCount "55"]
[EventDate "2016.12.11"]
[EventCountry "CRO"]

1. d4 d5 2. c4 e6 3. Nc3 Be7 4. Nf3 Nf6 5. Bg5 h6 6. Bh4 O-O 7. e3 b6 8. Bd3
dxc4 9. Bxc4 Bb7 10. O-O Nbd7 11. Qe2 a6 12. a3 c5 13. dxc5 b5 14. Ba2 Nxc5 15.
Rfd1 Qe8 16. Rac1 Rc8 17. Ne5 Nd5 18. Bxd5 exd5 19. Bxe7 Qxe7 20. Nf3 Qe6 21.
Nd4 Qg6 22. Qf3 Nd3 23. Nf5 Ne5 24. Ne7+ Kh7 25. Qe2 Qg5 26. Nxc8 d4 27. f4
Nf3+ 28. Qxf3 1-0

[Event "Zadar B Open 2016"]
[Site "Zadar"]
[Date "2016.12.14"]
[Round "6.3"]
[White "Elishev, Ivan"]
[Black "Berke, Ana"]
[Result "0-1"]
[WhiteElo "2122"]
[BlackElo "2168"]
[PlyCount "50"]
[EventDate "2016.12.11"]
[EventCountry "CRO"]

1. e4 c5 2. d4 cxd4 3. c3 Nf6 4. e5 Nd5 5. Nf3 e6 6. Qxd4 Nc6 7. Qe4 d6 8. Bg5
Qb6 9. Qc2 dxe5 10. Nbd2 Bd7 11. a3 h6 12. Nc4 Qc7 13. Bd2 Be7 14. h4 O-O 15.
g4 f5 16. g5 e4 17. Ng1 b5 18. Ne3 Nxe3 19. Bxe3 f4 20. Bd2 Nd4 21. Qxe4 Bc6
22. Qg6 Qe5+ 23. Kd1 Nf5 24. Rh3 Be8 25. Nf3 Qd6 0-1

[Event "Zadar B Open 2016"]
[Site "Zadar"]
[Date "2016.12.14"]
[Round "6.4"]
[White "Stipic, Marko"]
[Black "Kejzar, Petra"]
[Result "1-0"]
[WhiteElo "2152"]
[BlackElo "2009"]
[PlyCount "97"]
[EventDate "2016.12.11"]
[EventCountry "CRO"]

1. c4 f5 2. Nc3 Nf6 3. d4 g6 4. Nf3 Bg7 5. g3 d6 6. Bg2 c6 7. O-O O-O 8. d5 e5
9. dxe6 Bxe6 10. Qb3 Na6 11. Ng5 Nc5 12. Nxe6 Nxb3 13. Nxd8 Nxa1 14. Nxb7 d5
15. cxd5 cxd5 16. Nxd5 Ne4 17. Nc3 Bxc3 18. bxc3 Rab8 19. Ba3 Rf6 20. Nc5 Nxc5
21. Bxc5 Nc2 22. Bd5+ Kg7 23. Bb3 Rc8 24. Be7 Rxc3 25. Bxf6+ Kxf6 26. Rc1 Nd4
27. Rd1 Nxb3 28. axb3 Rxb3 29. Rd7 a5 30. Rxh7 a4 31. Ra7 Rb1+ 32. Kg2 Ra1 33.
Ra6+ Kf7 34. Kf3 Ra3+ 35. Kf4 Ra2 36. Kg5 Rxe2 37. Ra7+ Ke6 38. Ra6+ Ke7 39.
Rxa4 Rxf2 40. Rh4 f4 41. gxf4 Rg2+ 42. Rg4 Rxh2 43. Kxg6 Ra2 44. f5 Ra6+ 45.
Kg7 Ra7 46. Re4+ Kd8+ 47. Kg6 Re7 48. Rxe7 Kxe7 49. Kg7 1-0

[Event "Zadar B Open 2016"]
[Site "Zadar"]
[Date "2016.12.14"]
[Round "6.5"]
[White "Muratovic, Enver"]
[Black "Trippold, Denise"]
[Result "1-0"]
[WhiteElo "2224"]
[BlackElo "2057"]
[PlyCount "139"]
[EventDate "2016.12.11"]
[EventCountry "CRO"]

1. e4 c5 2. Nf3 e6 3. b3 b6 4. Nc3 Bb7 5. Bb2 Nf6 6. e5 Ne4 7. Qe2 Nxc3 8. Bxc3
Nc6 9. Qe3 Be7 10. a3 O-O 11. Bc4 d5 12. exd6 Bxd6 13. O-O-O Ne7 14. Bb2 Nd5
15. Qe4 Be7 16. Qg4 Bf6 17. Ne5 Qc7 18. Rde1 a6 19. h4 b5 20. Bd3 Nb6 21. Be4
Bxe4 22. Rxe4 Rfd8 23. Rh3 Rd5 24. f4 Rad8 25. Re2 c4 26. bxc4 bxc4 27. Nxc4
Bxb2+ 28. Nxb2 Qd6 29. f5 Rxf5 30. Rf3 Ra5 31. Qg3 Qc5 32. Rc3 Qb5 33. Qc7 Rf8
34. Rd3 Nd5 35. Qc4 Qb6 36. Rb3 Qd6 37. Na4 Qd7 38. Nc5 Qc7 39. d4 Qf4+ 40. Kb2
g6 41. g3 Qg4 42. Nd7 Re8 43. Qxd5 exd5 44. Nf6+ Kg7 45. Nxe8+ Kh6 46. Rd2 Rb5
47. Nf6 Rxb3+ 48. cxb3 Qxg3 49. Nxd5 Qe1 50. Kc3 Qc1+ 51. Rc2 Qxa3 52. Kc4 Qd6
53. Nc3 f5 54. b4 f4 55. d5 f3 56. Ne4 Qb6 57. d6 Qc6+ 58. Kd3 Qd5+ 59. Ke3
Qb3+ 60. Rc3 Qxb4 61. d7 Qa5 62. Rd3 Qe1+ 63. Kxf3 Qh1+ 64. Ke3 Qh3+ 65. Kd2
Qh2+ 66. Ke3 Qh3+ 67. Ke2 Qh2+ 68. Nf2 Qe5+ 69. Kf1 Qa1+ 70. Kg2 1-0

[Event "Zadar B Open 2016"]
[Site "Zadar"]
[Date "2016.12.14"]
[Round "6.6"]
[White "Luetic, Ante"]
[Black "Bozanic, Ivica"]
[Result "1/2-1/2"]
[WhiteElo "2085"]
[BlackElo "2216"]
[PlyCount "28"]
[EventDate "2016.12.11"]
[EventCountry "CRO"]

1. c4 f5 2. Nc3 Nf6 3. g3 d6 4. Bg2 e5 5. d3 g6 6. e4 Nc6 7. Nge2 Bg7 8. O-O
O-O 9. Nd5 Nd4 10. Nxd4 exd4 11. Bg5 c6 12. Nxf6+ Bxf6 13. Bh6 Rf7 14. f4 Be6
1/2-1/2

[Event "Zadar B Open 2016"]
[Site "Zadar"]
[Date "2016.12.14"]
[Round "6.7"]
[White "Valette, Christian"]
[Black "Mihalinec, Damir"]
[Result "1/2-1/2"]
[WhiteElo "2084"]
[BlackElo "2202"]
[PlyCount "108"]
[EventDate "2016.12.11"]
[EventCountry "CRO"]

1. d4 Nf6 2. Nf3 g6 3. c4 Bg7 4. Nc3 d5 5. cxd5 Nxd5 6. Bd2 Nb6 7. Bg5 O-O 8.
e3 Nc6 9. Bb5 Na5 10. O-O a6 11. Be2 Nac4 12. b3 Nd6 13. Rc1 h6 14. Bf4 g5 15.
Be5 f6 16. Bg3 Be6 17. Nd2 Kh8 18. Bf3 c6 19. Nde4 Nxe4 20. Nxe4 Nd7 21. Nc5
Nxc5 22. Rxc5 a5 23. Qc2 Bf7 24. Rd1 e6 25. h4 Rg8 26. hxg5 hxg5 27. Rc3 Bf8
28. Qe2 Kg7 29. Bh5 Rh8 30. Bxf7 Kxf7 31. e4 Bb4 32. Rcd3 Rh7 33. f4 gxf4 34.
Bxf4 Qh8 35. Kf2 Rg8 36. Rg3 Rxg3 37. Bxg3 Rh1 38. Rxh1 Qxh1 39. Ke3 Ke7 40.
Kd3 Kd7 41. Qc2 b5 42. Qe2 Qa1 43. Qc2 e5 44. dxe5 fxe5 45. Ke2 Kc7 46. Kf3 Bc3
47. Kg4 Bd4 48. Qd2 Kb6 49. Bf2 c5 50. Qh6+ Kc7 51. Qg7+ Kd6 52. Qf6+ Kd7 53.
Qf7+ Kd6 54. Qf6+ Kd7 1/2-1/2

[Event "Zadar B Open 2016"]
[Site "Zadar"]
[Date "2016.12.14"]
[Round "6.8"]
[White "Simunic, Krunoslav"]
[Black "Popovic, Ivo"]
[Result "0-1"]
[WhiteElo "1866"]
[BlackElo "2179"]
[PlyCount "58"]
[EventDate "2016.12.11"]
[EventCountry "CRO"]

1. d4 Nf6 2. c4 c5 3. d5 b5 4. cxb5 a6 5. bxa6 g6 6. Nc3 Bxa6 7. Nf3 d6 8. e4
Bxf1 9. Kxf1 Nbd7 10. g3 Bg7 11. Kg2 O-O 12. Qe2 Qb6 13. a4 Qa6 14. Qxa6 Rxa6
15. Nd2 Rb8 16. Rb1 Ng4 17. Ra1 Nge5 18. f4 Nd3 19. Ra2 Rb4 20. a5 c4 21. Ne2
N7c5 22. Nc3 Nb7 23. Rd1 Nbc5 24. Nf3 Bxc3 25. bxc3 Rb1 26. Nd2 Rxc1 27. Rxc1
Nxc1 28. Rc2 N1d3 29. Kf1 Rxa5 0-1

[Event "Zadar B Open 2016"]
[Site "Zadar"]
[Date "2016.12.14"]
[Round "6.9"]
[White "Brkic, Ivica"]
[Black "Deur Saric, Zrinka"]
[Result "0-1"]
[WhiteElo "2083"]
[BlackElo "2152"]
[PlyCount "58"]
[EventDate "2016.12.11"]
[EventCountry "CRO"]

1. e4 c5 2. Nf3 Nc6 3. Bb5 e6 4. O-O Nge7 5. Re1 a6 6. Bxc6 Nxc6 7. d4 cxd4 8.
Nxd4 Qc7 9. Nf3 Be7 10. c3 O-O 11. Be3 b5 12. a4 bxa4 13. Rxa4 a5 14. Qd2 Ba6
15. Nd4 Nxd4 16. Bxd4 Bb5 17. Ra1 e5 18. Be3 Bc6 19. f3 f5 20. exf5 d5 21. Qf2
Rxf5 22. Na3 Raf8 23. Qd2 Bd6 24. h3 a4 25. Re2 Rd8 26. Nc2 Qb7 27. Ne1 d4 28.
cxd4 exd4 29. Qc2 Rc5 0-1

[Event "Zadar B Open 2016"]
[Site "Zadar"]
[Date "2016.12.14"]
[Round "6.10"]
[White "Tomas, Ante"]
[Black "Stojkovic, Andreja"]
[Result "1-0"]
[WhiteElo "2107"]
[BlackElo "1910"]
[PlyCount "73"]
[EventDate "2016.12.11"]
[EventCountry "CRO"]

1. d4 f5 2. e4 d6 3. Nc3 Nf6 4. Bd3 e6 5. Bg5 Be7 6. Bxf6 Bxf6 7. Nf3 Nc6 8.
Bc4 fxe4 9. Nxe4 d5 10. Nxf6+ Qxf6 11. Bb5 Bd7 12. O-O O-O-O 13. Bxc6 Bxc6 14.
Ne5 Rd6 15. a4 h5 16. Ra3 Be8 17. a5 a6 18. Qd2 g5 19. Rd1 g4 20. f3 Rg8 21.
fxg4 hxg4 22. Rf1 Qh4 23. Qf2 Qh6 24. Rg3 Bb5 25. Qf7 Qg5 26. Rf4 Be8 27. Qf6
b6 28. Qxg5 Rxg5 29. Rf8 Rd8 30. Rxg4 Rxg4 31. Nxg4 Bg6 32. Rxd8+ Kxd8 33. c3
bxa5 34. Ne5 Be8 35. g4 Ke7 36. g5 Kd6 37. g6 1-0

[Event "Zadar B Open 2016"]
[Site "Zadar"]
[Date "2016.12.14"]
[Round "6.11"]
[White "Vidovic, Ante"]
[Black "Pesusic, Boris"]
[Result "1-0"]
[WhiteElo "2093"]
[BlackElo "2018"]
[PlyCount "47"]
[EventDate "2016.12.11"]
[EventCountry "CRO"]

1. a3 g6 2. g3 Bg7 3. Bg2 d5 4. Nf3 Nf6 5. O-O O-O 6. d3 c5 7. c4 Nc6 8. Nc3 e6
9. Rb1 Qd6 10. Bf4 e5 11. Bg5 d4 12. Bxf6 Qxf6 13. Nd5 Qd6 14. b4 Rb8 15. Ng5
Bf5 16. Ne4 Bxe4 17. Bxe4 b6 18. Qa4 Kh8 19. Nxb6 Nxb4 20. Nd7 Na6 21. Nxb8
Rxb8 22. Rxb8+ Nxb8 23. Rb1 Qf8 24. Qb5 1-0

[Event "Zadar B Open 2016"]
[Site "Zadar"]
[Date "2016.12.14"]
[Round "6.12"]
[White "Salvaing, Jean-Louis"]
[Black "Jelecevic, Ivo"]
[Result "1-0"]
[WhiteElo "1991"]
[BlackElo "2167"]
[PlyCount "69"]
[EventDate "2016.12.11"]
[EventCountry "CRO"]

1. d4 d5 2. Nc3 c5 3. Nf3 Nc6 4. Bg5 h6 5. Bh4 g5 6. Bg3 Bg7 7. e3 g4 8. Ne5
Nf6 9. Nxc6 bxc6 10. Be5 cxd4 11. exd4 Qb6 12. Rb1 Be6 13. Be2 h5 14. O-O O-O
15. a3 Bh6 16. Na4 Qd8 17. Nc5 Bc8 18. f3 Nd7 19. Nxd7 Qxd7 20. fxg4 hxg4 21.
Qd3 a5 22. Qg3 f6 23. Bf4 Bg7 24. Rf2 c5 25. h3 gxh3 26. Bh6 h2+ 27. Kxh2 e6
28. Rh1 cxd4 29. Kg1 f5 30. Rh5 Rf7 31. Rf4 Kf8 32. Rfh4 Qc7 33. Bxg7+ Ke8 34.
Rh8+ Kd7 35. Bb5+ 1-0

[Event "Zadar B Open 2016"]
[Site "Zadar"]
[Date "2016.12.14"]
[Round "6.13"]
[White "Totic, Zeljko"]
[Black "Slamar, Velimir"]
[Result "1-0"]
[WhiteElo "1962"]
[BlackElo "2150"]
[PlyCount "62"]
[EventDate "2016.12.11"]
[EventCountry "CRO"]

1. Nf3 Nf6 2. d4 c5 3. e3 e6 4. g3 d5 5. Bg2 Nc6 6. c3 Bd6 7. O-O O-O 8. Nbd2
b6 9. Re1 Bb7 10. b3 Rc8 11. Bb2 Re8 12. Rc1 Bf8 13. Ne5 Nxe5 14. dxe5 Nd7 15.
c4 Qc7 16. f4 Rcd8 17. Qc2 Nb8 18. a3 Nc6 19. cxd5 exd5 20. Nf3 g6 21. h3 Bg7
22. Rcd1 Qc8 23. Rd2 a5 24. Red1 a4 25. bxa4 Na5 26. Ne1 Nc4 27. Rd3 Qe6 28.
Bc1 f6 29. e4 d4 30. f5 Qc6 31. Qxc4+ Kh8 1-0